<?xml version="1.0" encoding="UTF-8"?>
<record
    xmlns:xsi="http://www.w3.org/2001/XMLSchema-instance"
    xsi:schemaLocation="http://www.loc.gov/MARC21/slim http://www.loc.gov/standards/marcxml/schema/MARC21slim.xsd"
    xmlns="http://www.loc.gov/MARC21/slim">

  <leader>02741nam a2200253 a 4500</leader>
  <controlfield tag="001">000022633</controlfield>
  <controlfield tag="005">20200930021716.0</controlfield>
  <controlfield tag="008">101014s1982    dr ac         001 0 spa d</controlfield>
  <datafield tag="040" ind1=" " ind2=" ">
    <subfield code="a">DO-SdBNP</subfield>
    <subfield code="b">spa</subfield>
    <subfield code="c">BNPHU</subfield>
  </datafield>
  <datafield tag="082" ind1=" " ind2=" ">
    <subfield code="a">940.5451</subfield>
    <subfield code="b">W766s</subfield>
  </datafield>
  <datafield tag="100" ind1="1" ind2=" ">
    <subfield code="a">Windt Lavandier, C&#xE9;sar de,</subfield>
    <subfield code="d">1912-2007</subfield>
    <subfield code="9">46578</subfield>
  </datafield>
  <datafield tag="245" ind1="1" ind2="3">
    <subfield code="a">La Segunda Guerra Mundial y los submarinos alemanes en el Caribe /</subfield>
    <subfield code="c">C&#xE9;sar de Windt Lavandier.</subfield>
  </datafield>
  <datafield tag="260" ind1=" " ind2=" ">
    <subfield code="a">San Pedro de Macor&#xED;s :</subfield>
    <subfield code="b">Universidad Central del Este,</subfield>
    <subfield code="c">1982.</subfield>
  </datafield>
  <datafield tag="300" ind1=" " ind2=" ">
    <subfield code="a">367 p. :</subfield>
    <subfield code="b">il., mapas ;</subfield>
    <subfield code="c">23 cm.</subfield>
  </datafield>
  <datafield tag="504" ind1=" " ind2=" ">
    <subfield code="a">Bibliograf&#xED;a : p. 362</subfield>
  </datafield>
  <datafield tag="505" ind1="0" ind2=" ">
    <subfield code="t">El autor y la obra --</subfield>
    <subfield code="t">Al lector --</subfield>
    <subfield code="g">Parte 1. La guerra submarina en aguas americanas --</subfield>
    <subfield code="t">Antecedentes de la guerra submarina en Am&#xE9;rica --</subfield>
    <subfield code="t">El punto de vista Estados Unidos --</subfield>
    <subfield code="t">La neutralidad de Rosevelt --</subfield>
    <subfield code="t">El bloqueo de las Islas Brit&#xE1;nicas --</subfield>
    <subfield code="t">El caso del vapor Hannover --</subfield>
    <subfield code="t">Submarinos alemanes en Am&#xE9;rica --</subfield>
    <subfield code="t">La operaci&#xF3;n Tambor Batiente (Paukenschlag) --</subfield>
    <subfield code="t">Operaci&#xF3;n Neuland --</subfield>
    <subfield code="t">La prensa recoge la situaci&#xF3;n en Curazao --</subfield>
    <subfield code="t">Sabotaje --</subfield>
    <subfield code="t">La masacre --</subfield>
    <subfield code="t">La Rep&#xFA;blica Dominicana --</subfield>
    <subfield code="g">Parte 2. Una nueva nave, una nueva forma de hacer la guerra--</subfield>
    <subfield code="t">El submarino --</subfield>
    <subfield code="t">La nueva t&#xE1;ctica --</subfield>
    <subfield code="t">Los grandes nav&#xED;os y los submarinos --</subfield>
    <subfield code="t">El criterio del almirante Doenitz --</subfield>
    <subfield code="t">El criterio del mariscal Goering --</subfield>
    <subfield code="t">El arma secreta --</subfield>
    <subfield code="t">El convoy ONS5 --</subfield>
    <subfield code="t">El submarino U-570 --</subfield>
    <subfield code="t">Werner Harsteinsten --</subfield>
    <subfield code="t">Antecedentes sobre hundimientos del Atlantic, " Phyton" y el U-111 -176 --</subfield>
    <subfield code="t">El hundimiento de U-176 --</subfield>
    <subfield code="t">El U-126 y el corsario Atlantic --</subfield>
    <subfield code="t">Submarinos destruidos en o cerca Mar Caribe y Golfo de M&#xE9;xico --</subfield>
    <subfield code="g">Parte 3. La guerra submarina y la marina dominicana --</subfield>
    <subfield code="t">Introducci&#xF3;n --</subfield>
    <subfield code="t">Hundimiento del vapor "Presidente Trujillo " --</subfield>
    <subfield code="t">Hundimiento del S.S. del Valle --</subfield>
    <subfield code="t">El hundimiento del vapor Presidente Trujillo --</subfield>
    <subfield code="t">La campa&#xF1;a submarina del eje con el Caribe --</subfield>
    <subfield code="t">Un submarino nazi entr&#xF3; a Martinica --</subfield>
    <subfield code="t">Buques hundidos en el Caribe --</subfield>
    <subfield code="t">Los submarinos del eje hundieron el petrolero de M&#xE9;xico "Potrero del Llano" --</subfield>
    <subfield code="t">Los comandantes Lassen y Emmermann --</subfield>
    <subfield code="t">Las goletas Carmen y Nueva Altagracia --</subfield>
    <subfield code="t">Otros hundidos --</subfield>
    <subfield code="t">La prensa informa.</subfield>
  </datafield>
  <datafield tag="505" ind1="0" ind2=" ">
    <subfield code="g">Ap&#xE9;ndice --</subfield>
    <subfield code="t">Buques hundidos por los submarinos alemanes en el Mar Caribe durante el a&#xF1;o 1942 y suerte que corrieron dichos submarinos --</subfield>
    <subfield code="t">Capitanes de submarinos alemanes, famosos por sus campa&#xF1;as en el Mar Caribe --</subfield>
    <subfield code="t">Exitos de los submarinos en el Mar Caribe --</subfield>
    <subfield code="t">Bibliograf&#xED;a.</subfield>
  </datafield>
  <datafield tag="590" ind1=" " ind2=" ">
    <subfield code="a">Inventariado, 2020/YL</subfield>
  </datafield>
  <datafield tag="650" ind1=" " ind2="4">
    <subfield code="a">Guerra mundial ii, 1939-1945</subfield>
    <subfield code="x">Operaciones navales alemanas</subfield>
    <subfield code="9">46580</subfield>
  </datafield>
  <datafield tag="650" ind1=" " ind2="4">
    <subfield code="a">Guerra mundial ii, 1939-1945</subfield>
    <subfield code="x">Operaciones navales submarinas</subfield>
    <subfield code="9">46579</subfield>
  </datafield>
  <datafield tag="650" ind1=" " ind2="4">
    <subfield code="a">Guerra submarina</subfield>
    <subfield code="9">46581</subfield>
  </datafield>
  <datafield tag="650" ind1=" " ind2="4">
    <subfield code="a">Submarinos</subfield>
    <subfield code="9">46582</subfield>
  </datafield>
  <datafield tag="910" ind1=" " ind2=" ">
    <subfield code="a">Validado. Control de calidad BNPHU</subfield>
  </datafield>
  <datafield tag="952" ind1=" " ind2=" ">
    <subfield code="0">0</subfield>
    <subfield code="1">0</subfield>
    <subfield code="5">4</subfield>
    <subfield code="7">0</subfield>
    <subfield code="8">DS</subfield>
    <subfield code="a">GR</subfield>
    <subfield code="b">GR</subfield>
    <subfield code="c">HD</subfield>
    <subfield code="d">2010-10-14</subfield>
    <subfield code="i">LF1</subfield>
    <subfield code="l">0</subfield>
    <subfield code="o">940.5451 W766s</subfield>
    <subfield code="p">22633-30</subfield>
    <subfield code="r">2020-06-25</subfield>
    <subfield code="t">e. 3</subfield>
    <subfield code="w">2020-06-25</subfield>
    <subfield code="y">LFDS</subfield>
    <subfield code="Z">Pr&#xE9;stamo en sala</subfield>
  </datafield>
  <datafield tag="952" ind1=" " ind2=" ">
    <subfield code="0">0</subfield>
    <subfield code="1">0</subfield>
    <subfield code="5">4</subfield>
    <subfield code="7">0</subfield>
    <subfield code="8">DS</subfield>
    <subfield code="a">GR</subfield>
    <subfield code="b">GR</subfield>
    <subfield code="c">HD</subfield>
    <subfield code="d">2010-10-14</subfield>
    <subfield code="i">LF1</subfield>
    <subfield code="l">0</subfield>
    <subfield code="o">940.5451 W766s</subfield>
    <subfield code="p">22633-40</subfield>
    <subfield code="r">2020-06-25</subfield>
    <subfield code="t">e. 4</subfield>
    <subfield code="w">2020-06-25</subfield>
    <subfield code="y">LFDS</subfield>
    <subfield code="Z">Pr&#xE9;stamo en sala</subfield>
  </datafield>
  <datafield tag="952" ind1=" " ind2=" ">
    <subfield code="0">0</subfield>
    <subfield code="1">0</subfield>
    <subfield code="5">4</subfield>
    <subfield code="7">0</subfield>
    <subfield code="8">DS</subfield>
    <subfield code="a">GR</subfield>
    <subfield code="b">GR</subfield>
    <subfield code="c">HD</subfield>
    <subfield code="d">2011-07-11</subfield>
    <subfield code="i">LF1</subfield>
    <subfield code="l">0</subfield>
    <subfield code="o">940.5451 W766s</subfield>
    <subfield code="p">22633-50</subfield>
    <subfield code="r">2020-06-25</subfield>
    <subfield code="t">e. 5</subfield>
    <subfield code="w">2020-06-25</subfield>
    <subfield code="y">LFDS</subfield>
    <subfield code="Z">Pr&#xE9;stamo en sala</subfield>
  </datafield>
  <datafield tag="952" ind1=" " ind2=" ">
    <subfield code="0">0</subfield>
    <subfield code="1">0</subfield>
    <subfield code="7">1</subfield>
    <subfield code="8">PD</subfield>
    <subfield code="a">PD</subfield>
    <subfield code="b">PD</subfield>
    <subfield code="c">HD</subfield>
    <subfield code="d">2010-10-14</subfield>
    <subfield code="i">LF1</subfield>
    <subfield code="l">0</subfield>
    <subfield code="o">940.5451 W766s</subfield>
    <subfield code="p">22633-10</subfield>
    <subfield code="r">2020-06-25</subfield>
    <subfield code="w">2020-06-25</subfield>
    <subfield code="y">LFPD</subfield>
    <subfield code="z">Perteneci&#xF3; a la biblioteca personal de Germ&#xE1;n Emilio Ornes.</subfield>
    <subfield code="Z">No se presta</subfield>
  </datafield>
  <datafield tag="952" ind1=" " ind2=" ">
    <subfield code="0">0</subfield>
    <subfield code="1">0</subfield>
    <subfield code="7">1</subfield>
    <subfield code="8">PD</subfield>
    <subfield code="a">PD</subfield>
    <subfield code="b">PD</subfield>
    <subfield code="c">HD</subfield>
    <subfield code="d">2010-10-14</subfield>
    <subfield code="i">LF1</subfield>
    <subfield code="l">0</subfield>
    <subfield code="o">940.5451 W766s</subfield>
    <subfield code="p">22633-20</subfield>
    <subfield code="r">2020-06-25</subfield>
    <subfield code="t">e. 2</subfield>
    <subfield code="w">2020-06-25</subfield>
    <subfield code="y">LFPD</subfield>
    <subfield code="Z">No se presta</subfield>
  </datafield>
  <datafield tag="999" ind1=" " ind2=" ">
    <subfield code="c">22130</subfield>
    <subfield code="d">22130</subfield>
  </datafield>
</record>
